00467nam a2200121Ia 4500008004100000245007500041245006000116260000900176650001700185856005100202999001900253952007300272171211s9999 xx 000 0 und d 4aThe Art of Throwing. The Definitive Guide to Thrown Weapons Techniques cBenjamin Pang Jeng Lo, Cheng Man Ch'Ing, and Martin Inn c2010 xMartial Arts uhttp://down.ebook777.com/055/9780938190455.pdf c348233d348233 001040aCLbCLd2017-12-11l0r2017-12-11 00:00:00w2017-12-11yCBE